Takedown- Huntrix, kpop demon hunters - English lyrics only - Statistics

General Stats
  • This quiz has been taken 161 times
  • The average score is 360 of 462
Answer Stats
Answer % Correct
I
100%
take
100%
(take
100%
a
99%
A
99%
it
99%
it,
99%
(it’s
99%
it’s
99%
It’s
99%
Takedown,
99%
takedown
99%
takedown,
99%
takedown)
99%
the
98%
do
96%
so
96%
in
95%
to
95%
on
94%
you
93%
but
92%
can
92%
easy
92%
eyes,
92%
eyes
92%
inside
92%
can’t
91%
down,
91%
down
91%
down)
91%
hide,
91%
hide
91%
sweet,
91%
try
91%
baby,
90%
world)
90%
world
90%
your
90%
and
89%
nice
89%
I’m
88%
no
88%
up
88%
with
88%
don’t
87%
for
87%
hideous
87%
(HUNTR/X
87%
my
87%
ready
87%
demon
86%
then
86%
real
85%
switch
85%
face
84%
live,
84%
live
84%
ugly
84%
’cause
83%
deserve
83%
feelings,
83%
girls
83%
into
83%
obvious
83%
see
83%
think
83%
veins
83%
as
82%
of
82%
out,
82%
out
82%
lies,
81%
start
81%
you’re
81%
night
80%
open,
80%
show
80%
sin
79%
when
79%
patterns
78%
these
78%
time
78%
vibes,
78%
all
77%
grow
77%
yeah,
77%
yeah)
77%
(yeah
77%
yeah
77%
back
76%
finally
76%
gear
76%
makes
76%
’bout
75%
hatred
75%
opened
75%
place
75%
put
74%
rotten
74%
same
74%
gonna
73%
wanna
73%
within
73%
life
72%
oh,
72%
straight
71%
whole
71%
be
70%
break
70%
spreading
70%
“What?”
69%
kick
68%
I’ma
67%
pain,
66%
Like
64%
like,
64%
stop
63%
outta
62%
die
61%
pieces
61%
ain’t
60%
cryin’,
60%
beggin’
57%
illusion
57%
master
57%
how?
56%
how
56%
you’ll
56%
dyin’,
54%
dyin’
54%
sleep
52%
shell
51%
yourself?
51%
miss
50%
never
49%
da
48%
da,
48%
foolin’
48%
or
48%
broken
47%
shot
47%
at
46%
look
46%
nastiest
46%
masses
44%
soul
44%
that
44%
(watch
43%
watch
43%
trapped
42%
turn
42%
they’ll
39%
control,
37%
heart
37%
soon,
37%
lose
36%
cut
35%
rip
33%
me
29%
whoah
27%
(ooh)
25%
woah
23%
(la
16%
la
16%
la)
16%
No matching quizzes found
Score Distribution
Percent of People with Each Score
Percentile by Number Answered
Your Score History
You have not taken this quiz